Global Political Economy : (Record no. 23003)
[ view plain ]
| 000 -LEADER | |
|---|---|
| fixed length control field | 01943nam a22003255a 4500 |
| 008 - FIXED-LENGTH DATA ELEMENTS--GENERAL INFORMATION | |
| fixed length control field | 161102s2013 nyuab||fr ||| 00| 0 eng d |
| 020 ## - INTERNATIONAL STANDARD BOOK NUMBER | |
| International Standard Book Number | 1137287365 |
| 020 ## - INTERNATIONAL STANDARD BOOK NUMBER | |
| International Standard Book Number | 9781137287366 |
| 040 ## - CATALOGING SOURCE | |
| Original cataloging agency | EG-ScBUE |
| Language of cataloging | eng |
| Transcribing agency | EG-ScBUE |
| 082 04 - DEWEY DECIMAL CLASSIFICATION NUMBER | |
| Edition number | 22 |
| Classification number | 337 |
| Item number | OBR |
| 100 ## - MAIN ENTRY--PERSONAL NAME | |
| 9 (RLIN) | 32235 |
| Personal name | O'Brien, Robert, |
| Dates associated with a name | 1963- |
| 245 10 - TITLE STATEMENT | |
| Title | Global Political Economy : |
| Remainder of title | Robert O'brien & Marc Williams. |
| 250 ## - EDITION STATEMENT | |
| Edition statement | 4th ed. |
| 260 ## - PUBLICATION, DISTRIBUTION, ETC. (IMPRINT) | |
| Place of publication, distribution, etc | New York : |
| Name of publisher, distributor, etc | Palgrave Macmillan / St Martin's Press LLC, |
| Date of publication, distribution, etc | 2013. |
| 300 ## - PHYSICAL DESCRIPTION | |
| Extent | xv, 340 p. : |
| Other physical details | map, ill., tables ; |
| Dimensions | 26 cm. |
| 500 ## - GENERAL NOTE | |
| General note | Index : p. 332-340. |
| 500 ## - GENERAL NOTE | |
| General note | First published : 2004. |
| 504 ## - BIBLIOGRAPHY, ETC. NOTE | |
| Bibliography, etc | Bibliography : p. 312-331. |
| 505 ## - FORMATTED CONTENTS NOTE | |
| Formatted contents note | pt.1. Theoretical Perspectives: 1 Theories of Global Political Economy -- 2 International Political Economy and its Methods --<br/>pt. 2. Evolution: 3 Forging a World Economy: 1400-1800 --<br/>4 Industry, Empire and War: 1800-1945 -- 5 Growing a Global Economy: 1945-2010 -- pt. 3. Dynamics: 6 International Trade --<br/>7 Transnational Production -- 8 The Global Financial System --<br/>9 Global Division of Labour -- 10 Gender -- 11 Economic Development -- 12 Global Environmental Change -- 13 Ideas --<br/>14 Security -- 15 Governing the Global Political Economy. |
| 520 ## - SUMMARY, ETC. | |
| Summary, etc | The fourth edition of this popular and successful text has been systematically revised and updated to incorporate analysis of the financial crisis and the changing global order. Now in a larger format with a new two-colour text design, the book includes additional boxed exhibits and end-of-chapter further reading. |
| 590 ## - LOCAL NOTE (RLIN) | |
| Local note | Wessam |
| 650 #7 - SUBJECT ADDED ENTRY--TOPICAL TERM | |
| Source of heading or term | BUEsh |
| 9 (RLIN) | 3036 |
| Topical term or geographic name as entry element | International economic relations. |
| 650 #7 - SUBJECT ADDED ENTRY--TOPICAL TERM | |
| 9 (RLIN) | 4508 |
| Topical term or geographic name as entry element | International trade. |
| 650 #7 - SUBJECT ADDED ENTRY--TOPICAL TERM | |
| 9 (RLIN) | 1619 |
| Topical term or geographic name as entry element | International finance. |
| 651 ## - SUBJECT ADDED ENTRY--GEOGRAPHIC NAME | |
| Source of heading or term | BUEsh |
| 653 ## - INDEX TERM--UNCONTROLLED | |
| Resource For college | BAEPS, Political Science |
| Arrived date list | November2016 |
| 700 1# - ADDED ENTRY--PERSONAL NAME | |
| 9 (RLIN) | 32238 |
| Personal name | Williams, Marc. |
| 856 ## - ELECTRONIC LOCATION AND ACCESS | |
| Uniform Resource Identifier | <a href="https://he.palgrave.com/companion/Obrien-Global-Political-Economy/">https://he.palgrave.com/companion/Obrien-Global-Political-Economy/</a> |
| Link text | A companion website |
| 942 ## - ADDED ENTRY ELEMENTS (KOHA) | |
| Source of classification or shelving scheme | Dewey Decimal Classification |
| Edition | 22 |
| Call number prefix | 337 OBR |
| Withdrawn status | Item status | Source of classification or shelving scheme | Damaged status | Not for loan | Vendor | Home library | Current library | Shelving location | Date acquired | Source of acquisition | Cost, normal purchase price | Serial Enumeration / chronology | Total Checkouts | Total Renewals | Full call number | Barcode | Date last seen | Date last borrowed | Cost, replacement price | Koha item type |
|---|---|---|---|---|---|---|---|---|---|---|---|---|---|---|---|---|---|---|---|---|
| Dewey Decimal Classification | Baccah | Central Library | Central Library | First floor | 02/11/2016 | Purchase | 450.00 | 3634 | 3 | 16 | 337 OBR | 000034233 | 16/02/2026 | 08/09/2025 | 562.50 | Book - Borrowing |